| 000 | 00647nam a2200229 a 4500 | ||
|---|---|---|---|
| 001 | BRCA_7832 | ||
| 005 | 20190320210021.0 | ||
| 008 | 011113s1964----gw-a######---#000-0#ger-# | ||
| 041 | _ager | ||
| 044 | _agw | ||
| 050 | 4 |
_aND813.G6 _b.H45 _c1964 |
|
| 100 | 1 |
_aHeld, Jutta _919388 |
|
| 245 | 1 | 0 |
_aFarbe und Licht in Goyas Malerei _cJutta Held. |
| 260 |
_aBerlín _bW. De Gruyter _c1964 |
||
| 300 |
_aiv, 210 p. _bil., 2 láminas _c27 cm. |
||
| 500 | _aEditada también como tesis | ||
| 500 | _aY30 | ||
| 600 | 1 | 4 |
_aGoya y Lucientes, Francisco José de _d1746-1828 _911075 |
| 650 | 1 | 4 |
_aPintores españoles _97620 |
| 902 | _aGFM | ||
| 942 |
_2lcc _cB |
||
| 999 |
_c7506 _d7506 |
||